Le folklore et la danse

Saved in:
Bibliographic Details
Main Author: Louis, Maurice A.-L (autor)
Format: Book
Language:French
Published: París G.-P Maisonneuve et Larose 1943
Edition:1a. ed
Subjects:
Tags: Add Tag
No Tags, Be the first to tag this record!

MARC

LEADER 00000cam a2200000 a 4500
001 UCE2937
003 CL-VaPUC
008 140807e19430000fr |||||||||||||||||fre|d
082 0 4 |a 709  |b LOU  |2 21 
100 |a Louis, Maurice A.-L.  |e autor  |9 575459 
245 1 3 |a Le folklore et la danse 
250 |a 1a. ed 
300 |a 405 p 
942 |c BK 
945 |d 20140807 14:45:00  |a dcastane 
260 |a París  |b G.-P Maisonneuve et Larose  |c 1943 
650 7 |a HISTORIA DE LA DANZA  |2 CL-VaPUC  |9 526640 
650 0 |a Historia del arte  |9 314877 
650 0 |a Historia cultural  |9 353068 
650 7 |a FOLKLORE  |2 CL-VaPUC  |9 268291 
583 |a last modification  |c 20140807 14:45:00  |k Rodrigo Vera 
999 |c 356451  |d 356449 
952 |0 0  |1 0  |3 erd  |4 0  |6 709_000000000000000_LOU_1943  |7 0  |8 A  |9 463794  |a BIBART  |b BIBART  |i 5049202  |o 709 LOU 1943  |p 5049202  |r 2025-03-13  |w 2019-11-23  |y BK  |z Catalogado en:20140807  |k ART